महानिर्वाण : समीक्षा आणि संस्मरणे (Record no. 143748)

MARC details
000 -LEADER
fixed length control field 00605nam a2200157Ia 4500
008 - FIXED-LENGTH DATA ELEMENTS--GENERAL INFORMATION
fixed length control field 090124s9999 xx 000 0 und d
082 ## - DEWEY DECIMAL CLASSIFICATION NUMBER
Item number 30266
Classification number 4098
245 ## - TITLE STATEMENT
Title महानिर्वाण : समीक्षा आणि संस्मरणे
250 ## - EDITION STATEMENT
Edition statement 1
260 ## - PUBLICATION, DISTRIBUTION, ETC. (IMPRINT)
Date of publication, distribution, etc 1999
300 ## - PHYSICAL DESCRIPTION
Extent 254
630 ## - SUBJECT ADDED ENTRY--UNIFORM TITLE
Uniform title महानिर्वाण : समीक्षा आणि संस्मरणे
700 ## - ADDED ENTRY--PERSONAL NAME
Personal name इनामदार - साने रेखा
730 ## - ADDED ENTRY--UNIFORM TITLE
Uniform title महानिर्वाण : समीक्षा आणि संस्मरणे
942 ## - ADDED ENTRY ELEMENTS (KOHA)
Koha item type Book
Holdings
Withdrawn status Lost status Damaged status Not for loan Home library Current library Date acquired Cost, normal purchase price Total Checkouts Full call number Barcode Date last seen Cost, replacement price Price effective from Koha item type
        Marathi Granth Sangrahalaya,Thane Marathi Granth Sangrahalaya,Thane   200.00   30266 THNMGS-30266 01/24/2009 200.00 01/24/2009 Book